Представление документа в формате RUSMARC

ПолеНазваниеЗначение
  Тип записи a
  Библиографический уровень a
001 Контрольный номер RU/CBS_Ul/BASE/511548458
005 Дата корректировки 20240425163543.9
100 Данные общей обработки __
a Данные общей обработки 20160317d2016 ||| 0rusy0189 ca
101 Язык документа 0_
a Язык текста rus
102 Страна публикации __
a Страна публикации RU
105 Кодированные данные (монография) __
a Кодированные данные (монография) y###||||000|y
200 Заглавие и сведения об ответственности 1_
a Заглавие Русский Парнас
b Общее обозначение материала Текст
e Сведения, относящиеся к заглавию [усадьба Остафьево в Подмосковье, в XIX веке принадлежавшая Вяземским; здесь с 1804 г. жил и работал Н.М.Карамзин]
f Первые сведения об ответственности И. Медовой
300 Общие примечания __
a Общие примечания Ограничения по возрасту - 6+
461 Уровень набора _0
1 2000
a Семья и школа
463 Уровень физической единицы _0
1 001RU/CBS_Ul/BASE/511273481
1 2000
a № 11-12
v С. 78-80
1 210
d 2015
600 Персоналии _0
a Персоналии (Фамилия) Карамзин
b Персоналии (Имя, инициалы) Н. М.
606 Тематические рубрики 0_
a Основная рубрика "Русский Парнас", государственный музей-усадьба (Остафьево, село; Московская область)
y Географическая подрубрика Остафьево, село (Московская область)
610 Ключевые слова 0_
a Ключевые слова литературные музеи
a Ключевые слова Карамзин
a Ключевые слова История Государства Российского
686 Индексы других классификаций __
a Классификационный индекс 83.3(2)л6
2 Код системы ББК
700 Автор _1
a Фамилия Медовой
b Имя (инициалы) И.
801 Источник записи _0
a Страна RU
b Организация МБУК ЦБС г. Ульяновска
c Дата составления 20160317
g Правила каталогизации RCR
801 Источник записи _1
a Страна RU
b Организация МБУК ЦБС г. Ульяновска
c Дата составления 20160317
g Правила каталогизации RCR
901 Тип документа __
t Тип документа b
w Контрольный № источника RU/CBS_Ul/BASE/511273481
910 Корректоры записи __
a Корректор записи Библиотека 18
938 Служебная информация __
a Имя БД period